[Event "Pamplona Sub zt 2.3 (Women)"]
[Site "Pamplona"]
[Date "2012.11.08"]
[Round "7"]
[White "Salazar, Aura Cristina"]
[Black "Perez, Laura"]
[Result "1-0"]
[WhiteElo "2222"]
[BlackElo "2042"]
[PlyCount "101"]
[EventDate "2012.11.05"]
[EventType "swiss"]
[EventRounds "9"]
[EventCountry "COL"]
[SourceTitle "EXT 2013"]
[Source "ChessBase"]
[SourceDate "2012.11.22"]
[SourceVersion "1"]
[SourceVersionDate "2012.11.22"]
[SourceQuality "1"]

1. e4 c5 2. Nf3 d6 3. d4 Nf6 4. Nc3 cxd4 5. Nxd4 a6 6. Be3 e5 7. Nb3 Be6 8. f3 Be7 9. Qd2 0-0 10. 0-0-0 a5 11. Qf2 Qc8 12. Bb5 Nc6 13. Kb1 Nb4 14. Na4 Nd7 15. g4 Qc7 16. c3 Na6 17. Bxd7 Qxd7 18. Nb6 Qb5 19. Nxa8 Rxa8 20. f4 a4 21. Nc1 Rc8 22. f5 Bd7 23. Ne2 Rc4 24. f6 Bxf6 25. Rxd6 Be6 26. Rhd1 Rc8 27. Nc1 Be7 28. R6d2 Nb8 29. g5 Nc6 30. Qe2 Bc4 31. Qf3 Na5 32. Rd5 Qa6 33. Qf5 b5 34. Qxe5 Nc6 35. Qf4 Bxd5 36. exd5 Nd8 37. d6 Bf8 38. d7 Rc4 39. Qb8 Qg6+ 40. Nd3 Qh5 41. Rd2 Qf3 42. Qxd8 Qxe3 43. Qxf8+ Kxf8 44. d8Q+ Qe8 45. Ne5 Re4 46. Qxe8+ Kxe8 47. Nc6 f6 48. gxf6 gxf6 49. Nd4 Kf7 50. Nxb5 f5 51. Nd6+ 1-0

[Event "Pamplona Sub zt 2.3 (Women)"]
[Site "Pamplona"]
[Date "2012.11.07"]
[Round "5"]
[White "Salazar, Aura Cristina"]
[Black "Mercado, Luisa Fernanda"]
[Result "1-0"]
[WhiteElo "2222"]
[BlackElo "2044"]
[PlyCount "81"]
[EventDate "2012.11.05"]
[EventType "swiss"]
[EventRounds "9"]
[EventCountry "COL"]
[SourceTitle "EXT 2013"]
[Source "ChessBase"]
[SourceDate "2012.11.22"]
[SourceVersion "1"]
[SourceVersionDate "2012.11.22"]
[SourceQuality "1"]

1. c4 c6 2. e4 d5 3. exd5 cxd5 4. d4 Nf6 5. Nc3 e6 6. Bg5 Be7 7. Nf3 0-0 8. Be2 dxc4 9. Bxc4 Nd5 10. Bxe7 Nxe7 11. 0-0 Nd7 12. Ne4 Nb6 13. Bd3 Nbd5 14. Rc1 b6 15. Bb1 Ba6 16. Re1 Nf5 17. Qc2 g6 18. Qd2 Rc8 19. Rxc8 Bxc8 20. Ne5 Nd6 21. Qh6 Nxe4 22. Rxe4 Qf6 23. Bc2 Qg7 24. Qh4 Bb7 25. Re1 Qf6 26. Qe4 Rd8 27. Bb3 Ba8 28. Bxd5 Bxd5 29. Qc2 Qe7 30. Rc1 Qb7 31. f3 Re8 32. a3 Qe7 33. Qc7 Kg7 34. Ng4 Qg5 35. h4 Qf5 36. Qe5+ Qxe5 37. dxe5 Re7 38. Rc8 g5 39. Nf6 gxh4 40. Rg8+ Kh6 41. f4 1-0

[Event "Pamplona Sub zt 2.3 (Women)"]
[Site "Pamplona"]
[Date "2012.11.06"]
[Round "4"]
[White "Mateus, Martha"]
[Black "Salazar, Aura Cristina"]
[Result "1-0"]
[WhiteElo "2130"]
[BlackElo "2222"]
[PlyCount "109"]
[EventDate "2012.11.05"]
[EventType "swiss"]
[EventRounds "9"]
[EventCountry "COL"]
[SourceTitle "EXT 2013"]
[Source "ChessBase"]
[SourceDate "2012.11.22"]
[SourceVersion "1"]
[SourceVersionDate "2012.11.22"]
[SourceQuality "1"]

1. e4 c5 2. c3 Nf6 3. e5 Nd5 4. d4 cxd4 5. Nf3 e6 6. cxd4 d6 7. Bc4 Nb6 8. Bb3 dxe5 9. Nxe5 Nc6 10. Nxc6 bxc6 11. 0-0 Be7 12. Nc3 0-0 13. Ne4 Ba6 14. Re1 Bb4 15. Re3 Nd5 16. Rh3 g6 17. Nc5 Bc8 18. Bh6 Re8 19. a3 Ba5 20. Ne4 f6 21. Rf3 Kh8 22. Qc2 f5 23. Bg5 Qc7 24. Bxd5 cxd5 25. Nc5 Bb6 26. b4 Ba6 27. Qd2 Bxc5 28. bxc5 Kg8 29. Bf4 Qd7 30. Be5 Bc4 31. Rb1 a6 32. Qh6 Ra7 33. Rg3 Qf7 34. Rb6 Rc8 35. h4 f4 36. Rg4 f3 37. Rf4 Qd7 38. Rxf3 Be2 39. Rg3 Qf7 40. Qe3 Bh5 41. Qb3 Rd7 42. f4 Qe7 43. Rb8 Rxb8 44. Qxb8+ Rd8 45. Qb6 Re8 46. Qc6 Be2 47. a4 Rd8 48. Rb3 Bg4 49. g3 Bd1 50. Rb6 Qf7 51. Rxa6 g5 52. hxg5 Bg4 53. Ra8 Qf8 54. Rxd8 Qxd8 55. Qb7 1-0

[Event "Pamplona IRT blitz op (Women)"]
[Site "Pamplona"]
[Date "2012.11.04"]
[Round "12.2"]
[White "Franco Valencia, Angela Maria"]
[Black "Salazar, Aura Cristina"]
[Result "1-0"]
[WhiteElo "2172"]
[BlackElo "2248"]
[PlyCount "93"]
[EventDate "2012.11.04"]
[EventType "swiss (blitz)"]
[EventRounds "18"]
[EventCountry "COL"]
[SourceTitle "EXT 2024"]
[Source "ChessBase"]
[SourceDate "2023.10.10"]
[SourceVersion "1"]
[SourceVersionDate "2023.10.10"]
[SourceQuality "1"]

1. e4 c5 2. Nf3 d6 3. d4 cxd4 4. Nxd4 Nf6 5. Nc3 g6 6. g3 Nc6 7. Nde2 Bg7 8. Bg2 0-0 9. 0-0 Rb8 10. a4 a6 11. Nd5 Nd7 12. c3 b5 13. axb5 axb5 14. Be3 e6 15. Ndf4 Nc5 16. Nd3 Qe7 17. f4 Rd8 18. Kh1 b4 19. Nd4 Bd7 20. Re1 e5 21. Nxc6 Bxc6 22. Nxb4 Bb7 23. fxe5 dxe5 24. Qg4 Nd3 25. Nxd3 Rxd3 26. Bg1 f5 27. Qe2 Rbd8 28. Rad1 fxe4 29. Bb6 R8d7 30. Be3 Qd6 31. Ra1 Bc6 32. h3 Qe6 33. Qg4 Qb3 34. Qe2 Qd5 35. Qg4 h5 36. Qxg6 Rd6 37. Qxh5 Qe6 38. Qg4 Qxg4 39. hxg4 Bh6 40. Bxh6 Rxh6+ 41. Kg1 e3 42. Bxc6 Rxc6 43. Kg2 Rf6 44. Re2 Rfd6 45. Rae1 Rd2 46. Kf3 R6d3 47. Ke4 1-0

[Event "Pamplona IRT blitz op (Women)"]
[Site "Pamplona"]
[Date "2012.11.04"]
[Round "16.2"]
[White "Rivera, Ingris"]
[Black "Salazar, Aura Cristina"]
[Result "1-0"]
[WhiteElo "2161"]
[BlackElo "2248"]
[PlyCount "90"]
[EventDate "2012.11.04"]
[EventType "swiss (blitz)"]
[EventRounds "18"]
[EventCountry "COL"]
[SourceTitle "EXT 2024"]
[Source "ChessBase"]
[SourceDate "2023.10.10"]
[SourceVersion "1"]
[SourceVersionDate "2023.10.10"]
[SourceQuality "1"]

1. d4 Nf6 2. Nf3 g6 3. Bg5 Bg7 4. Nbd2 0-0 5. c3 d6 6. e4 c5 7. Be2 cxd4 8. Nxd4 Nc6 9. Qc2 Nxd4 10. cxd4 Qa5 11. Be3 d5 12. e5 Bf5 13. Qc3 Qxc3 14. bxc3 Ne4 15. Nxe4 Bxe4 16. f3 Bf5 17. c4 dxc4 18. Bxc4 Rac8 19. Rc1 Rfd8 20. 0-0 Bd7 21. f4 Bc6 22. d5 Bxd5 23. Bxd5 Rxc1 24. Bxf7+ Kxf7 25. Rxc1 a6 26. Rc7 Rd1+ 27. Kf2 Ra1 28. Rc2 Ke6 29. Kf3 Kd5 30. Rd2+ Ke6 31. Ke4 Re1 32. g4 Bh6 33. a4 Kf7 34. Rb2 g5 35. f5 Bg7 36. Rxb7 Bxe5 37. Kxe5 Rxe3+ 38. Kd4 Ra3 39. Rb4 a5 40. Rc4 Ra2 41. Kc5 Rxh2 42. Kb5 Rf2 43. Kxa5 h5 44. Kb5 Rxf5+ 45. Rc5 Rxc5+ 1-0